[Event "Wilbert Paige Mem"]
[Site "New York USA"]
[Date "2001.07.19"]
[Round "6"]
[White "Kobese,W"]
[Black "Solomon,K"]
[Result "1/2-1/2"]
[WhiteElo "2373"]
[BlackElo "2290"]

1.e4 c5 2.Nf3 Nc6 3.Bb5 g6 4.c3 Nf6 5.Qe2 a6 6.Ba4 b5 7.Bc2 d6 8.h3 Bg7 9.O-O O-O
10.d4 e5 11.a4 Rb8 12.axb5 axb5 13.Rd1 Qc7 14.Be3 c4 15.Nbd2 Re8 16.dxe5 dxe5
17.Nf1 Nh5 18.Bc5 Nf4 19.Qe1 Bf8 20.Bxf8 Rxf8 21.Ne3 f6 22.b4 Ne7 23.Kh2 Be6
24.Ng1 Rfd8 25.g3 Nh5 26.Ra6 Ng7 27.Ng4 Bxg4 28.hxg4 Kf7 29.Qe3 Rxd1 30.Bxd1 Qd7
31.Be2 g5 32.Nf3 Ne6 33.Nd2 Kg7 34.Nf1 Nc7 35.Ra7 Nc6 36.Ra1 Ra8 37.Rd1 Qe7
38.Qb6 Ra6 39.Qb7 Nd8 40.Qc8 Ra8 41.Qf5 Nde6 42.Ne3 Kg8 43.Qf3 Ng7 44.Nd5 Nxd5
45.Rxd5 Ne8 46.Rxb5 Rc8 47.Qe3 Nd6 48.Rd5 Kf8 49.Kg2 Rc6 50.Ra5 Qb7 51.Rd5 Ke7
52.Bf3 Qb6 53.Qc1 Rc7 54.Qh1 Ke6 55.Qh6 Rf7 56.Rc5 Rc7 57.Rd5 Rf7 58.Qh1 Ra7
59.Rc5 Rc7 60.Rxc7 Qxc7 61.Qc1 Qb7 62.Qe3 Kd7 63.Qc5 Qb5 64.Qa7+ Qb7 65.Qa2 Ke7
66.Kg1 Ke6 67.Bg2 h6 68.Kh2 Kd7 69.f3 Kc7 70.Bf1 Qc6 71.Kg2 Kb7 72.Be2 Qa6
73.Qd2 Qc6 74.Bd1 Kc7 75.Qe3 Kb7 76.Qd2 Kc7 77.Qf2 Kb7 78.Qa2 Nb5 79.Ba4 Kb6
80.Bxb5 Qxb5 81.Qa8 Qa6 82.Qxa6+ Kxa6 83.Kf2 Kb5 84.Ke2 Kb6 85.Kd2 Ka6 86.Kc2 Kb6
87.Kb2 Ka6 88.Ka3 Kb5 89.Kb2 Kc6 90.f4 Kb6 91.Kc2 Kc6  1/2-1/2

[Event "Dutch Open"]
[Site "Dieren NED"]
[Date "2001.07.20"]
[Round "4"]
[White "Stellwagen,D"]
[Black "Moiseenko,A"]
[Result "1/2-1/2"]
[WhiteElo "2337"]
[BlackElo "2581"]

1.e4 c5 2.Nf3 Nc6 3.Bb5 e6 4.O-O Nge7 5.Re1 Nd4 6.Nxd4 cxd4 7.c3 a6 8.Bf1 Nc6
9.d3 g6 10.cxd4 Nxd4 11.Nc3 Bg7 12.Be3 O-O 13.Ne2 Nc6 14.d4 b5 15.Nc3 Bb7
16.d5 Ne7 17.Bd4 d6 18.Bxg7 Kxg7 19.a4 bxa4 20.Rxa4 Qb6 21.Qd4+ Qxd4 22.Rxd4 Rfd8  1/2-1/2

[Event "3rd Open"]
[Site "Patras GRE"]
[Date "2001.07.20"]
[Round "3"]
[White "Zagrebelny,S"]
[Black "Gogolis,A"]
[Result "1-0"]
[WhiteElo "2466"]
[BlackElo "2225"]

1.e4 c5 2.Nf3 Nc6 3.Bb5 g6 4.Bxc6 bxc6 5.O-O Bg7 6.Re1 Nh6 7.c3 O-O 8.d4 cxd4
9.cxd4 f6 10.Nc3 Rb8 11.b3 d6 12.h3 Nf7 13.Qd2 Bd7 14.Bb2 Qa5 15.Rad1 Rfc8
16.Qe2 Qd8 17.Nd2 c5 18.d5 a5 19.Nc4 Ne5 20.Nxe5 fxe5 21.Bc1 c4 22.bxc4 Rb4
23.Rd3 Rbxc4 24.Bd2 Rd4 25.Rg3 Rb8 26.Be3 Qc7 27.Bxd4 exd4 28.Nb1 Bb5 29.Qd2 d3
30.Rc1 Qa7 31.Na3 Be5 32.Nxb5 Rxb5 33.Rf3 Rb2 34.Qxd3 Rxa2 35.Qc4 Qc5 36.g3 Qxc4
37.Rxc4 a4 38.Rc8+ Kg7 39.Rc7 Bf6 40.e5 Bxe5 41.Rxe7+ Kg8 42.Ra7 Bd4 43.Ra8+ Kg7
44.Rf4 Bc5 45.Rfxa4 Bxf2+ 46.Kg2 Rxa4 47.Rxa4 Bc5 48.Kf3 Kf6 49.Kf4 h6 50.Re4 Ba3
51.Re6+ Kf7 52.g4 Bb4 53.Ke4 Bc5 54.Kd3  1-0

[Event "ch-SUI"]
[Site "Scuol SUI"]
[Date "2001.07.20"]
[Round "9"]
[White "Leib,A"]
[Black "Csiszar,C"]
[Result "0-1"]
[WhiteElo "2223"]
[BlackElo "2364"]

1.e4 c5 2.Nf3 Nc6 3.Bb5 e6 4.Bxc6 bxc6 5.O-O Ne7 6.Re1 Ng6 7.b3 Be7 8.Bb2 O-O
9.d4 d5 10.dxc5 Bxc5 11.Nc3 Bb7 12.Qd2 Nh4 13.Qf4 Nxf3+ 14.Qxf3 Qh4 15.Na4 Bb4
16.Re3 Bd6 17.e5 Be7 18.Qd1 c5 19.Rh3 Qg5 20.Rg3 Qf4 21.Rf3 Qg4 22.Qd2 d4
23.Rg3 Qf5 24.Qh6 Qxe5 25.Qd2 Bd6 26.Re1 Qd5 27.Rg5 f5 28.c4 Qc6 29.f4 Rae8
30.Qa5 Bxf4 31.Qxc5  0-1

[Event "XXI Open"]
[Site "Cullera ESP"]
[Date "2001.07.21"]
[Round "3"]
[White "Herrera,I"]
[Black "Amura,C"]
[Result "1-0"]
[WhiteElo "2444"]
[BlackElo "2360"]

1.e4 c5 2.Nf3 Nc6 3.Bb5 g6 4.O-O Bg7 5.c3 Nf6 6.e5 Nd5 7.d4 cxd4 8.cxd4 O-O
9.Nc3 Nc7 10.Ba4 d6 11.Bxc6 bxc6 12.h3 Ne6 13.Re1 Rb8 14.b3 c5 15.dxc5 dxc5
16.Qxd8 Rxd8 17.Ba3 Bb7 18.Ne4 Bxe4 19.Rxe4 Rd5 20.Rae1 Rb7 21.Rc4 h6 22.g3 Nd4
23.Kg2 Nxf3 24.Kxf3 Rd2 25.Re2 Rxe2 26.Kxe2 Bxe5 27.Bxc5 f5 28.Ra4 Bb8 29.Ra6 Kf7
30.b4 Rd7 31.a4 e6 32.b5 Kf6 33.f4 g5 34.Ke3 gxf4+ 35.gxf4 Rb7 36.b6 axb6
37.Rxb6 Rxb6 38.Bxb6 e5 39.fxe5+ Kxe5 40.a5 Kf6 41.a6 Kg5 42.Kf3  1-0

[Event "ch-Paris Open"]
[Site "Paris FRA"]
[Date "2001.07.21"]
[Round "1"]
[White "Kuzmin,G"]
[Black "Croizer,V"]
[Result "1-0"]
[WhiteElo "2542"]
[BlackElo "2148"]

1.e4 c5 2.Nf3 Nc6 3.Bb5 g6 4.O-O Bg7 5.c3 Nf6 6.Re1 O-O 7.h3 h6 8.d4 cxd4
9.e5 Nd5 10.cxd4 Nc7 11.Ba4 d5 12.Nc3 Na5 13.Bc2 Be6 14.Ne2 Qd7 15.b3 Bf5
16.Bxf5 Qxf5 17.Be3 Kh7 18.Rc1 Rac8 19.Qd2 b6 20.Nc3 Qd7 21.Qd3 Nc6 22.Qb1 Na5
23.Nh4 e6 24.Nf3 Nb5 25.Ne2 Rxc1 26.Rxc1 Rc8 27.h4 Nc6 28.a4 Nc7 29.h5 Ne7
30.Nh4 Rg8 31.g4 Ne8 32.Nf4 Bf8 33.Kg2 Nc7 34.Bd2 a5 35.Qd3 Ne8 36.Rh1 Nc7
37.hxg6+ fxg6 38.Nh5 Ne8 39.Nf3  1-0

[Event "ch-Paris Open"]
[Site "Paris FRA"]
[Date "2001.07.21"]
[Round "1"]
[White "Okhotnik,V"]
[Black "Lauer,L"]
[Result "1-0"]
[WhiteElo "2446"]
[BlackElo "2141"]

1.e4 c5 2.Nf3 Nc6 3.Bb5 Nf6 4.Nc3 e5 5.d3 d6 6.Bg5 Be7 7.Bxf6 Bxf6 8.Nd5 Be6
9.O-O O-O 10.Bc4 a6 11.a4 Rb8 12.c3 b5 13.axb5 axb5 14.Bb3 Bxd5 15.Bxd5 Qb6
16.Ra2 Ne7 17.Qb3 b4 18.c4 Nxd5 19.cxd5 Ra8 20.Rfa1 Rxa2 21.Qxa2 Be7 22.Qa7 Qxa7
23.Rxa7 Re8 24.Nd2 Kf8 25.Nc4 Rc8 26.Kf1 Ke8 27.Ra6 Rd8 28.Ke2 Rd7 29.Na5 h5
30.Nc6 Rb7 31.Kd2 Kd7 32.Ra8 Bg5+ 33.Kc2 Kc7 34.Kb3 Kb6 35.Ka4 Bc1 36.Na5 Ra7
37.Rxa7 Kxa7 38.Nc4 Kb8 39.Nxd6 Bxb2 40.Nxf7 Kc7 41.Kb3 Bd4 42.Ng5 Bxf2 43.Ne6+ Kd7
44.Nxg7 Bg1 45.Nxh5 Bxh2 46.g4 Bf4 47.Ng7 Bg5 48.Ne6 Be7 49.g5 Bd6 50.g6 Ke7
51.Nd8 Kf6 52.Nb7  1-0

[Event "EuChJun Girls"]
[Site "Patras GRE"]
[Date "2001.07.21"]
[Round "6"]
[White "Karlovich,A"]
[Black "Kaps,D"]
[Result "1-0"]
[WhiteElo "2295"]
[BlackElo "2221"]

1.e4 c5 2.Nf3 Nc6 3.Bb5 g6 4.O-O Bg7 5.Re1 Nf6 6.Nc3 O-O 7.e5 Ng4 8.Bxc6 dxc6
9.h3 Nh6 10.d3 Nf5 11.Bf4 Nd4 12.Ne4 Qd5 13.Nfg5 h6 14.Nc3 Qd8 15.Nge4 b6
16.Qd2 Bxh3 17.Bxh6 Qd7 18.Qf4 Qg4 19.Qxg4 Bxg4 20.Bxg7 Kxg7 21.Rac1 Rh8
22.Re3 Rh4 23.f3 Rah8 24.Ng3 Be6 25.Nce2 c4 26.Re4 Rxe4 27.dxe4 c5 28.Kf2 Nc6
29.f4 g5 30.fxg5 Nxe5 31.Nf4 Bg4 32.Nf5+ Bxf5 33.exf5 Rd8 34.Re1 Nc6 35.g4 Rd2+
36.Re2 Rxe2+ 37.Kxe2 Nd4+ 38.Kd1 e5 39.Nh5+ Kf8 40.Nf6 Ke7 41.Ne4 Nb5 42.Kd2 Nc7
43.Nf6 Kd6 44.Ke3 b5 45.Ke4 a5 46.g6 fxg6 47.fxg6 Ne6 48.Nh5 Ke7 49.Kxe5 Nd4
50.Kd5 Nxc2 51.Kxc5 Nb4 52.Kxb5 Nxa2 53.Kxc4 Nb4 54.Kb5 Nd3 55.b3 Nc1 56.Ka4 Kf8
57.Nf4 Na2 58.Kxa5 Nc3 59.b4 Ne4 60.b5 Nd6  1-0

[Event "ch-Paris Open"]
[Site "Paris FRA"]
[Date "2001.07.23"]
[Round "3"]
[White "Kuzmin,G"]
[Black "Philippe,C"]
[Result "1-0"]
[WhiteElo "2542"]
[BlackElo "2298"]

1.e4 c5 2.Nf3 Nc6 3.Bb5 g6 4.O-O Bg7 5.c3 Nf6 6.Re1 O-O 7.h3 Ne8 8.d4 cxd4
9.cxd4 Nc7 10.Bf1 d5 11.e5 f6 12.exf6 exf6 13.Nc3 Qd6 14.b3 Be6 15.a4 Rfe8
16.Nb5 Qd7 17.Ba3 Nxb5 18.axb5 Nd8 19.Bc5 Nf7 20.Bxa7 Nd6 21.Bc5 Ne4 22.b6 Rxa1
23.Qxa1 Bh6 24.Qa4 Qf7 25.Qb4 Ra8 26.Bd3 Bf5 27.Bb1 Qd7 28.Bxe4 Bxe4 29.Nd2 Bd3
30.Qc3 Ba6 31.Nf3 Re8 32.Rxe8+ Qxe8 33.Bd6 Bb5 34.Qc7 Bc6 35.Be7 Kf7 36.Bb4+ Kg8
37.Be7 Kf7 38.Bd8+ Qd7 39.Bxf6 Kxf6 40.Ne5 Qe8 41.Ng4+ Kg5 42.g3 Kf5 43.Nxh6+ Ke4
44.Qf4+ Kd3 45.Nf7 Qe1+ 46.Kh2 Kc3 47.Nd8 Bd7 48.Nxb7 Qf1 49.g4  1-0

[Event "MTO"]
[Site "Biel SUI"]
[Date "2001.07.24"]
[Round "2"]
[White "Klinova,M"]
[Black "Gershon,A"]
[Result "1/2-1/2"]
[WhiteElo "2384"]
[BlackElo "2553"]

1.e4 c5 2.Nf3 Nc6 3.Bb5 e6 4.Bxc6 bxc6 5.O-O Ne7 6.d3 Ng6 7.Be3 Be7 8.Nc3 O-O
9.Na4 d6 10.e5 dxe5 11.Bxc5 Bxc5 12.Nxc5 Qb6 13.Nb3 Ba6 14.Qe1 f6 15.Qc3 e4
16.Nfd4 exd3 17.Nxe6 Rfe8 18.Nbc5 Bc8 19.Nd4 dxc2 20.Qxc2 Ne5 21.Rac1 Bg4
22.f4 Nf7  1/2-1/2

[Event "Czech Open"]
[Site "Pardubice CZE"]
[Date "2001.07.24"]
[Round "5"]
[White "Kholmov,R"]
[Black "Kuljasevic,D"]
[Result "1-0"]
[WhiteElo "2427"]
[BlackElo "2260"]

1.e4 c5 2.Nf3 Nc6 3.Bb5 e6 4.Bxc6 bxc6 5.d3 Be7 6.O-O Qc7 7.Re1 e5 8.c3 d6
9.d4 cxd4 10.cxd4 Bg4 11.Nc3 Nf6 12.Be3 O-O 13.h3 Bh5 14.Rc1 Rfd8 15.d5 c5
16.g4 Nxg4 17.hxg4 Bxg4 18.Kg2 Qc8 19.Rh1 f5 20.Qg1 f4 21.Bd2 Rf8 22.Qh2 h5
23.Nh4 f3+ 24.Kg1 Bxh4 25.Qxh4 Qa6 26.Kh2 Rab8 27.Rc2 Qd3 28.Rhc1 Rf7 29.Be3 Rb4
30.Qd8+ Kh7 31.Qxd6 Rxe4 32.Nxe4 Qxe4 33.Rc4 Qf5 34.Qe6  1-0

[Event "MTO"]
[Site "Biel SUI"]
[Date "2001.07.25"]
[Round "3"]
[White "Tseitlin,Ma"]
[Black "Ramesh,R"]
[Result "0-1"]
[WhiteElo "2509"]
[BlackElo "2445"]

1.e4 c5 2.Nf3 Nc6 3.Bb5 e6 4.Bxc6 bxc6 5.d3 Ne7 6.h4 h5 7.Qe2 f6 8.Nbd2 e5
9.Nf1 Rb8 10.b3 d6 11.Bd2 Ng6 12.g3 Be7 13.Ne3 Nf8 14.Nf5 Bxf5 15.exf5 Qc8
16.Qe4 d5 17.Qa4 Rb6 18.Qa5 Ra6 19.Qc3 Qxf5 20.Nh2 Ne6 21.O-O Nd4 22.Qb2 e4
23.Be3 Nf3+ 24.Kg2 g5 25.dxe4 dxe4 26.Bxg5 Rg8 27.Qc3 Rb6 28.Bc1 Nxh4+ 29.Kh1 Qh3
30.Rg1 Nf3  0-1

[Event "ch-Paris Open"]
[Site "Paris FRA"]
[Date "2001.07.25"]
[Round "5"]
[White "Kuzmin,G"]
[Black "Bergez,L"]
[Result "0-1"]
[WhiteElo "2542"]
[BlackElo "2392"]

1.e4 c5 2.Nf3 Nc6 3.Bb5 d6 4.d4 cxd4 5.Qxd4 Bg4 6.Qa4 Qc7 7.Nc3 Bxf3 8.gxf3 e6
9.Bf4 a6 10.O-O-O Rc8 11.Bxc6+ Qxc6 12.Bxd6 Qxa4 13.Nxa4 Nf6 14.Rhg1 Nh5
15.Rg5 g6 16.Rc5 Bh6+ 17.Kb1 Rd8 18.Nc3 Bf4 19.Bxf4 Nxf4 20.Rc7 Rxd1+ 21.Nxd1 O-O
22.Rxb7 Rd8 23.Nc3 Rd2 24.b4 Ng2 25.e5 Rxf2 26.Ne4 Rxf3 27.a4 Ne3 28.Rc7 Rf4
29.Nf6+ Kg7 30.c3 Rc4 31.Rxc4 Nxc4 32.Nd7 g5 33.a5 h5 34.Kc2 g4 35.Kd3 h4
36.Ke4 g3 37.hxg3 h3 38.Kf3 Ne3 39.Kxe3 h2 40.Nf6 h1=Q 41.Ne4 Qd1 42.Nf6 Kf8
43.Ne4 Qd5 44.Kf4 Qd3 45.g4 Kg7  0-1

[Event "ch-Paris Open"]
[Site "Paris FRA"]
[Date "2001.07.25"]
[Round "5"]
[White "Licayan,A"]
[Black "Brochet,P"]
[Result "0-1"]
[WhiteElo "2169"]
[BlackElo "2369"]

1.Nf3 c5 2.e4 Nc6 3.Bb5 e5 4.Bxc6 dxc6 5.d3 Bd6 6.Nbd2 Qf6 7.Nc4 Bc7 8.Be3 b6
9.Qd2 Ne7 10.Bg5 Qe6 11.O-O h6 12.Bxe7 Qxe7 13.Qc3 f6 14.Nh4 Qf7 15.Nf5 Qd7
16.Qe1 g6 17.Nfe3 O-O 18.f3 Kh7 19.Kh1 b5 20.Nd2 a5 21.g4 Qd4 22.Rb1 Be6
23.b3 a4 24.h4 Ba5 25.h5 gxh5 26.gxh5 Rg8 27.Qf2 Rg5 28.Ng4 Rxh5+ 29.Nh2 Qxf2
30.Rxf2 Bc3 31.Nf1 Bd4 32.Rg2 Bh3 33.Re2 axb3 34.axb3 Rg8 35.Ne3 Bxe3  0-1

[Event "MTO"]
[Site "Biel SUI"]
[Date "2001.07.26"]
[Round "4"]
[White "Pavlovic,Mi"]
[Black "Yagupov,I"]
[Result "1/2-1/2"]
[WhiteElo "2500"]
[BlackElo "2444"]

1.e4 c5 2.Nf3 Nc6 3.Bb5 e6 4.O-O Nge7 5.Nc3 Nd4 6.Nxd4 cxd4 7.Ne2 a6 8.Ba4 b5
9.Bb3 Nc6 10.d3 g6 11.Bf4 d6 12.Qd2 Bg7 13.Bg5 Qb6 14.Bh6 O-O 15.Ng3 Na5
16.Bxg7 Kxg7 17.Nh5+ gxh5 18.Qg5+ Kh8 19.Qf6+ Kg8  1/2-1/2

[Event "ch-Paris Open"]
[Site "Paris FRA"]
[Date "2001.07.26"]
[Round "6"]
[White "Kuzmin,G"]
[Black "Maze,S"]
[Result "1/2-1/2"]
[WhiteElo "2542"]
[BlackElo "2269"]

1.e4 c5 2.Nf3 Nc6 3.Bb5 g6 4.O-O Bg7 5.c3 Nf6 6.Re1 O-O 7.h3 Ne8 8.d4 cxd4
9.cxd4 Nc7 10.Nc3 d5 11.exd5 Nxd5 12.Bg5 Be6 13.Ne4 h6 14.Bh4 g5 15.Bg3 g4
16.Bxc6 bxc6 17.Ne5 gxh3 18.Nc5 Qc8 19.Nxe6 Qxe6 20.Rc1 hxg2 21.Kxg2 Rac8
22.Qf3 Bxe5 23.dxe5 Kh7 24.Qe4+ f5 25.exf6 Qxe4+ 26.Rxe4 Rxf6 27.Ra4 Ra8
28.Rc5 Re6 29.Kf3 Nf6 30.Ra6 Ne4 31.Rcxc6 Nxg3 32.fxg3 Rf8+ 33.Kg2 Re2+ 34.Kh3 Rxb2
35.Re6 Rb7 36.Rxh6+ Kg7 37.Rag6+ Kf7 38.Rg4 Rc8 39.Rh7+ Ke6 40.Rg6+ Kf5 41.Ra6 Kg5
42.Rg7+ Kf5 43.g4+ Ke5 44.Rf7 Rh8+ 45.Kg3 Rg8 46.Rf5+ Kd4 47.Ra4+ Kd3 48.Rf3+ Kd2
49.Rd4+ Kc2 50.Re4 Kd2 51.Kf2 Rb2 52.a3 Rg7 53.a4 Rc2 54.Rfe3 Rc7 55.Re2+ Kc3
56.Kf3  1/2-1/2

[Event "3rd Open"]
[Site "Patras GRE"]
[Date "2001.07.26"]
[Round "9"]
[White "Khetsuriani,B"]
[Black "Tsalugelashvili,L"]
[Result "1-0"]
[WhiteElo "2415"]
[BlackElo "2143"]

1.e4 c5 2.Nf3 Nc6 3.Bb5 g6 4.c3 Bg7 5.d4 Qa5 6.Bxc6 dxc6 7.Be3 cxd4 8.Bxd4 e5
9.Be3 Nf6 10.Nbd2 O-O 11.O-O Rd8 12.Qc2 Ng4 13.Bg5 f6 14.Qb3+ Kh8 15.Bh4 b5
16.a4 Qb6 17.h3 Nh6 18.Rfd1 g5 19.Bg3 Rd6 20.Nf1 Be6 21.Qc2 Rad8 22.Rxd6 Rxd6
23.Ne3 Nf7 24.Nd2 h5 25.Nf5 Rd7 26.h4 g4 27.Kh2 Qd8 28.Nf1 Bf8 29.axb5 cxb5
30.b4 Qc8 31.N1e3 Rc7 32.Qd3 Rxc3 33.Qxb5 Rb3 34.Nd5 Bxf5 35.exf5 Qxf5 36.Qe8 Kg7
37.Rxa7 Qg6 38.Qe6 Bxb4 39.Nxf6 Rxg3 40.Ne8+ Kh6 41.Qxg6+ Kxg6 42.Ra6+ Kh7
43.Nf6+  1-0

[Event "EuChJun Girls"]
[Site "Patras GRE"]
[Date "2001.07.26"]
[Round "10"]
[White "Sperdokli,E"]
[Black "Javakhishvili,L"]
[Result "0-1"]
[WhiteElo "2141"]
[BlackElo "2293"]

1.e4 c5 2.Nf3 Nc6 3.Bb5 e6 4.b3 Nge7 5.Bb2 Ng6 6.O-O f6 7.d4 cxd4 8.Nxd4 Be7
9.Kh1 Qc7 10.Bxc6 bxc6 11.c4 O-O 12.Nc3 a6 13.Rc1 c5 14.Nde2 Bb7 15.Ng3 f5
16.f3 Nh4 17.Rc2 Rad8 18.Rd2 Bg5 19.Rd3 Be7 20.Rf2 fxe4 21.Ngxe4 Nf5 22.Rfd2 Bc6
23.Qe1 Qf4 24.Ne2 Qh6 25.Be5 Bh4 26.Qg1 Bxe4 27.fxe4 Bg5 28.Rh3 Bxd2 29.Rxh6 Nxh6
30.Bd6 Be3 31.Qe1 Ng4 32.h3 Nf2+ 33.Kh2 Rfe8 34.Ng1 Nxe4 35.Bc7 Bxg1+ 36.Kxg1 Rc8
37.Be5 d5 38.Qe2 Rc6 39.Qg4 Re7 40.Bxg7 Rxg7 41.Qh4 Ng5  0-1

[Event "Tan Lian Ann cup"]
[Site "Tianjin CHN"]
[Date "2001.07.26"]
[Round "12"]
[White "Wang Rui"]
[Black "Chan Peng Kong"]
[Result "1/2-1/2"]
[WhiteElo "2509"]
[BlackElo "2393"]

1.e4 c5 2.Nf3 Nc6 3.Bb5 g6 4.Bxc6 dxc6 5.d3 Bg7 6.h3 e5 7.Be3 b6 8.Qd2 Qc7
9.O-O Nf6 10.Na3 Ba6 11.Bh6 O-O 12.Bxg7 Kxg7 13.Nh2 Ng8 14.f4 f6 15.Ng4 h5
16.Ne3 exf4 17.Rxf4 Rae8 18.Raf1 Bc8 19.Nac4 Be6 20.Kh1 Rf7 21.Qc3 Bxc4 22.Nxc4 b5
23.Ne3 Qe5  1/2-1/2

[Event "Open"]
[Site "Novosibirsk RUS"]
[Date "2001.07.27"]
[Round "9"]
[White "Chigvintsev,A"]
[Black "Solodovnikov,M"]
[Result "1-0"]
[WhiteElo "2414"]
[BlackElo "2189"]

1.e4 c5 2.Nf3 Nc6 3.Bb5 g6 4.O-O Bg7 5.c3 Nf6 6.Re1 O-O 7.h3 Qb6 8.Na3 d6
9.d4 cxd4 10.cxd4 d5 11.e5 Ne4 12.Ba4 f6 13.Bb3 e6 14.exf6 Bxf6 15.Be3 Qd8
16.Rc1 Rf7 17.Nc2 Qd6 18.Nd2 Nxd2 19.Qxd2 Bd8 20.Re2 Bd7 21.Ne1 Bb6 22.Nf3 Rxf3
23.gxf3 Bc7 24.f4 g5 25.f3 gxf4 26.Rg2+ Kh8 27.Bf2 Be8 28.Kh2 Bg6 29.Rcg1 Ne7
30.Bh4 Nf5 31.Bf6+ Kg8 32.Be5 Qe7 33.Qxf4 Bxe5 34.Qxe5 Rf8 35.Rg4 Qf6 36.Re1 Qxe5+
37.Rxe5 Kf7 38.Bc2 Kf6 39.Bxf5 Bxf5 40.Rg2 Rc8 41.Re1 Rc4 42.Rd2 Rc7 43.h4 Rc4
44.Kg3 Rc7 45.Kf4 Rc4 46.Ke3 Rc8 47.Rg1 Bg6 48.Rh2 Bf5 49.h5 Rc7 50.Rhg2 b6
51.Rg8  1-0

[Event "ch-Paris Open"]
[Site "Paris FRA"]
[Date "2001.07.27"]
[Round "7"]
[White "Pira,D"]
[Black "Plantet,S"]
[Result "0-1"]
[WhiteElo "2432"]
[BlackElo "2303"]

1.e4 c5 2.Nf3 Nc6 3.Bb5 g6 4.Bxc6 dxc6 5.d3 Bg7 6.h3 e5 7.Be3 Qe7 8.Qd2 Nf6
9.Nc3 O-O 10.Bh6 Ne8 11.Bxg7 Nxg7 12.O-O f6 13.Nh2 Be6 14.b3 Qd6 15.f4 c4
16.bxc4 Bxc4 17.fxe5 fxe5 18.Rxf8+ Rxf8 19.Qe3 Ba6 20.Ne2 b6 21.a4 c5 22.a5 b5
23.Rf1 Rxf1+ 24.Kxf1 b4 25.Ng4 Nh5 26.Nc1 Nf6 27.Nxf6+ Qxf6+ 28.Ke1 c4 29.Qxa7 b3
30.cxb3 cxd3 31.Qa8+ Kg7 32.Qa7+ Kg8 33.Qb8+ Kg7 34.Qc7+ Kh6 35.Qc3 Qf4 36.Kd1 Qf1+
37.Kd2 Qxg2+ 38.Kd1 Qxe4 39.b4 Qh1+ 40.Kd2 Qg2+ 41.Kd1 e4 42.h4 Qh1+ 43.Kd2 Qh2+
44.Kd1 Qxh4  0-1

[Event "ch-Paris Open"]
[Site "Paris FRA"]
[Date "2001.07.27"]
[Round "7"]
[White "Miroshnichenko,E"]
[Black "Calistri,T"]
[Result "1-0"]
[WhiteElo "2539"]
[BlackElo "2305"]

1.e4 c5 2.Nf3 Nc6 3.Bb5 g6 4.Bxc6 dxc6 5.h3 Bg7 6.d3 Nf6 7.Nc3 Nd7 8.Be3 e5
9.Qd2 h6 10.O-O-O Qe7 11.Nh2 Nf8 12.f4 exf4 13.Bxf4 Ne6 14.Be3 b5 15.Nf3 Nd4
16.Qf2 Ne6 17.e5 O-O 18.Ne4 c4 19.dxc4 bxc4 20.Qd2 Kh7 21.Qc3 Rb8 22.Nf6+ Kh8
23.Rhe1 Qb7 24.Nd2 Nc7 25.Nxc4 Nd5 26.Nxd5 cxd5 27.Nd6 Qa6 28.Rxd5 Qxa2 29.b3 Qa3+
30.Kd2 Be6 31.Ra5 Qb4 32.Qxb4 Rxb4 33.Kc3 Rh4 34.Bf2 Rh5 35.Bd4 Rd8 36.Rxa7 Kg8
37.Rc7 Bd5 38.Re2 Rh4 39.Rc8 Rxc8+ 40.Nxc8 Kf8 41.Kd3  1-0

[Event "Keres Mem Open"]
[Site "Tallinn EST"]
[Date "2001.07.27"]
[Round "4"]
[White "Khamatgaleev,A"]
[Black "Krupenski,Y"]
[Result "1-0"]
[WhiteElo "2412"]
[BlackElo "2231"]

1.e4 c5 2.Nf3 Nc6 3.Bb5 e6 4.O-O Nge7 5.Re1 a6 6.Bxc6 Nxc6 7.d4 cxd4 8.Nxd4 Qb6
9.Nxc6 Qxc6 10.Nc3 b5 11.a4 Bb7 12.axb5 axb5 13.Rxa8+ Bxa8 14.Qd3 Bb4 15.Qg3 O-O
16.Bh6 g6 17.Bxf8 Bxf8 18.Qb8 Bb7 19.f3 b4 20.Nd1 Kg7 21.c3 Qb6+ 22.Kh1 Bd6
23.Qe8 Qc7 24.Nf2 bxc3 25.bxc3 Bc6 26.Ng4 Bg3 27.hxg3 d5 28.Nf6 Qxg3 29.Qg8+ Kxf6
30.Qh8+ Kg5 31.Qd8+ f6 32.Rf1 dxe4 33.fxe4 Qxc3 34.Qd6 Kh6 35.Rf3 Qa1+ 36.Kh2 Qe5+
37.Qxe5 fxe5 38.Re3 Kg5 39.Kg3 h5 40.Kf3 Kf6 41.Rc3 Ba4 42.Rc4 Be8 43.Ke3 g5
44.Rc7 Bg6 45.Ra7 Be8 46.Ra8 Bg6 47.Rf8+ Bf7 48.Kd3 Kg7 49.Rc8 Kf6 50.Rc7 Bg6
51.Ra7 Bf7 52.Ra1 Be8 53.Kc4 g4 54.g3 Bg6 55.Kd3 Be8 56.Ra5 Bg6 57.Ra8 Bf7
58.Rh8 Kg7 59.Rc8 Kf6 60.Rc2 Be8 61.Rb2 Ba4 62.Rf2+ Ke7 63.Kc4 Bd1 64.Rh2 Kf6
65.Rxh5 Bc2 66.Rh6+ Ke7 67.Rh4 Bxe4 68.Rxg4 Bf5 69.Rh4 Kf6 70.Kc5 Bg6 71.Kd6 Bf5
72.Ra4 e4 73.Ra1 Bg4 74.Re1 Kf5 75.Kc5 Bf3 76.Kd4 Kg4 77.Rg1 Kh3 78.Ke3 Kg4
79.Kf2 e5 80.Re1 Kh3 81.Re3 Kg4 82.Rc3 Kf5 83.Rc8 Kf6 84.Ke3 Kf5 85.Rg8 Kf6
86.Re8 Kf5 87.Rg8 Kf6 88.Kd2 Kf5 89.Ke3 Kf6 90.Rb8 Kf5 91.Kf2 Kg4 92.Rf8 Kg5
93.Re8 Kf5 94.Rg8 Kf6 95.g4 Kf7 96.Rg5 Kf6 97.Rf5+ Ke6 98.Kg3 Bd1 99.Rf1 Bc2
100.g5 e3 101.Rf6+ Ke7 102.Kf3 Bb3 103.Kxe3 Bd5 104.Rf2 Bf7 105.Ke4 Kf8  1-0

[Event "Czech Open"]
[Site "Pardubice CZE"]
[Date "2001.07.28"]
[Round "9"]
[White "Totsky,L"]
[Black "Thorfinnsson,Br"]
[Result "1-0"]
[WhiteElo "2481"]
[BlackElo "2371"]

1.e4 c5 2.Nf3 Nc6 3.Bb5 g6 4.O-O Bg7 5.c3 e5 6.d3 Nge7 7.Be3 d6 8.d4 cxd4
9.cxd4 O-O 10.d5 Nb8 11.Nfd2 f5 12.f3 f4 13.Bf2 g5 14.Nc3 Ng6 15.Be2 h5 16.Rc1 Na6
17.Nb5 g4 18.fxg4 f3 19.Bxf3 Nf4 20.Nc4 hxg4 21.Bxg4 Qg5 22.h3 Bxg4 23.hxg4 Nc5
24.Bxc5 dxc5 25.Nbd6 b6 26.Rc2 Bf6 27.g3 Ng6 28.Rf5 Qh6 29.g5 Bxg5 30.Rh2 Be3+
31.Kh1  1-0

[Event "ch-Paris Open"]
[Site "Paris FRA"]
[Date "2001.07.28"]
[Round "8"]
[White "Miroshnichenko,E"]
[Black "Timoshenko,G"]
[Result "1/2-1/2"]
[WhiteElo "2539"]
[BlackElo "2554"]

1.e4 c5 2.Nf3 Nc6 3.Bb5 d6 4.O-O Bd7 5.Re1 Nf6 6.c3 a6 7.Bf1 Bg4 8.d3 e6
9.Nbd2 Be7 10.h3 Bh5 11.a3 O-O 12.b4 d5 13.Bb2 h6 14.bxc5 Bxc5 15.d4 Ba7
16.e5 Nd7 17.a4 Bg6 18.c4  1/2-1/2

[Event "Open"]
[Site "Novosibirsk RUS"]
[Date "2001.07.29"]
[Round "11"]
[White "Abashev,D"]
[Black "Shushpanov,R"]
[Result "1/2-1/2"]
[WhiteElo "2395"]
[BlackElo "2436"]

1.e4 c5 2.Nf3 Nc6 3.Bb5 g6 4.Bxc6 dxc6 5.d3 Bg7 6.h3 Nf6 7.Nc3 O-O 8.Be3 Nd7
9.Qd2 e5 10.Bh6 Bxh6 11.Qxh6 Qf6 12.h4 Qg7 13.Qe3 h5 14.O-O-O b6 15.Rdg1 Re8
16.g4 hxg4 17.Rxg4 Nf6 18.Rg3 Bg4 19.Rhg1 Bxf3 20.Qxf3 Re6 21.Kb1 Nh7 22.h5 g5
23.Nd1 Kf8 24.Ne3 Ke8 25.Qf5 Ke7 26.Qg4  1/2-1/2

[Event "Pre-Continental g/25,10"]
[Site "Sao Paulo BRA"]
[Date "2001.07.29"]
[Round "7"]
[White "Leitao,R"]
[Black "Pelikian,J"]
[Result "1-0"]
[WhiteElo "2571"]
[BlackElo "2415"]

1.e4 c5 2.Nf3 Nc6 3.Bb5 g6 4.Bxc6 bxc6 5.O-O Bg7 6.c3 Ba6 7.Re1 Bd3 8.Na3 d5
9.exd5 cxd5 10.Re3 Bf5 11.d4 c4 12.Ne5 Bd7 13.Qf3 Bxe5 14.dxe5 e6 15.Re2 h6
16.Be3 Ne7 17.Nc2 Nf5 18.Nd4 Nxe3 19.Qxe3 Kf8 20.f4 Qe7 21.Rf1 Kg7 22.Kh1 h5
23.g3 Rab8 24.Rff2 Rb6 25.Kg1 Ra6 26.a3 Rb6 27.h3 Ba4 28.f5 exf5 29.e6 Re8
30.Rxf5 fxe6 31.Qe5+ Kh7 32.Rf6 Rf8 33.Rxf8 Qxf8 34.Nxe6 Qg8 35.Qc7+ Kh8
36.Ng5 Rf6  1-0

[Event "MTO"]
[Site "Biel SUI"]
[Date "2001.07.30"]
[Round "7"]
[White "Balenovic,Z"]
[Black "Robert,A"]
[Result "0-1"]
[WhiteElo "2210"]
[BlackElo "2262"]

1.e4 c5 2.Nf3 Nc6 3.Bb5 e6 4.Bxc6 dxc6 5.O-O Qc7 6.d3 e5 7.h3 Bd6 8.Nc3 Ne7
9.a4 a5 10.Ne2 O-O 11.Ng3 f6 12.b3 Be6 13.Nh4 Qd7 14.Qf3 g6 15.Qe2 g5 16.Nf3 Ng6
17.Nh2 Nf4 18.Qf3 f5 19.Nxf5 Bxf5 20.exf5 Qxf5 21.Ng4 Qg6 22.Bb2 Ne6 23.Qe3 Nd4
24.Qd2 h5 25.Ne3 g4 26.Kh1 Rf4 27.g3 Rf3 28.h4 Be7 29.Ng2 Raf8 30.Rae1 Bd6
31.Bxd4 exd4 32.Kg1 Qf5 33.Qg5+ Kh7 34.Qxf5+ R3xf5 35.Rd1 Kg6 36.Rde1 Kf6
37.Re2 Re5 38.Rxe5 Bxe5 39.Re1 b5 40.Ra1 Bc7 41.Kf1 Ke6 42.Kg1 Kd5 43.Re1 bxa4
44.bxa4 c4 45.Re7 cxd3 46.cxd3 Bd6 47.Ra7 Rb8 48.Rxa5+ c5 49.Rb5 Ra8 50.a5 Bc7
51.Nf4+ Kc6 52.Rb1 Bxf4 53.gxf4 Rxa5 54.Kg2 Ra3 55.Rd1 Kd5 56.Rd2 c4 57.dxc4+ Kxc4
58.Rc2+ Rc3 59.Re2 Rf3 60.Rc2+ Kb3 61.Rc5 d3 62.Rxh5 d2 63.Rd5 Kc2 64.h5 d1=Q
65.Rxd1 Kxd1 66.h6 Ke2 67.h7 Rh3 68.f5 Rxh7 69.Kg3 Rg7 70.f6 Rg6 71.f7 Rf6
72.Kxg4 Kxf2  0-1

[Event "MTO"]
[Site "Biel SUI"]
[Date "2001.07.30"]
[Round "7"]
[White "Scetinin,A"]
[Black "Beshukov,S"]
[Result "1/2-1/2"]
[WhiteElo "2279"]
[BlackElo "2482"]

1.e4 c5 2.Nf3 Nc6 3.Bb5 d6 4.O-O Bd7 5.c4 g6 6.Nc3 Bg7 7.d3 e5 8.Nd5 h6 9.Bd2 Nge7
10.Qc1 g5 11.Nxe7 Qxe7 12.Bxc6 bxc6 13.b4 cxb4 14.Bxb4 c5 15.Bc3 f5 16.exf5 Bxf5
17.Qe3 O-O 18.Nd2 Rad8 19.Ba5 Rd7 20.Ne4 d5 21.cxd5 Rxd5 22.Rab1 Rc8 23.Rfc1 Rd4
24.Bc3 Ra4 25.Ra1 c4 26.dxc4 Raxc4 27.Ng3 Bg6 28.Bb2 Rc2 29.Rxc2 Rxc2 30.Bd4 a6
31.a4 Qf7 32.Bb6 Qc4 33.a5 Rc3 34.Qe2 Qxe2 35.Nxe2 Rc2 36.Ng3 Kf7 37.Rd1 Ke6
38.f3 Bf8 39.Ne4 Be7 40.h3 Rc4 41.Rf1 Bxe4 42.fxe4 Rxe4 43.Rc1 h5 44.Rc6+ Kd5
45.Rc7 Bd6 46.Ra7 g4 47.hxg4 hxg4 48.g3 Ra4 49.Rxa6 Ke4 50.Bf2 Bb4 51.Rg6 Kf5
52.Ra6 Ra1+ 53.Kg2 Ra2 54.Kf1 Ke4 55.Rg6 Bxa5 56.Ra6 Ra3 57.Ke2 Bb4 58.Rxa3 Bxa3
59.Bb6 Bb2 60.Ba5 Ba3 61.Bb6 Bb2 62.Ba5 Bd4 63.Bd2 Bc5 64.Bc3 Kd5 65.Ba5 e4
66.Be1 Kc4 67.Bd2 Bd4 68.Bf4 Kd5 69.Bd2 Bc5 70.Be1 Bg1 71.Kf1 Bb6 72.Ke2 Kc4
73.Bd2 Bg1 74.Bg5 Bd4 75.Bd2 Bc5 76.Bf4 Bd4 77.Bd2 Bf6 78.Bf4 Kd4 79.Be3+ Kd5
80.Bd2 Ke6 81.Ba5 Be5 82.Be1 Bd6 83.Ke3 Ke5 84.Bc3+ Kf5 85.Be1 Bc5+ 86.Ke2 e3
87.Kd3 Ke5 88.Bc3+ Kd5 89.Be1 Bb6 90.Bc3 Bc7 91.Be1  1/2-1/2